[Event "VII Festival A"]
[Site "Amantea ITA"]
[Date "2009.09.01"]
[Round "2"]
[White "Mullon, Jean-Baptiste"]
[Black "Scotti, Umberto"]
[Result "1-0"]
[WhiteElo "2357"]
[BlackElo "2176"]
[PlyCount "175"]
[EventDate "2009.08.31"]

1. e4 e6 2. d4 d5 3. e5 c5 4. c3 Nc6 5. Nf3 Nge7 6. Na3 Nf5 7. Nc2 Be7 8. Be2
Qb6 9. O-O Bd7 10. dxc5 Bxc5 11. g4 Nh6 12. h3 Qc7 13. b4 Be7 14. Bf4 f6 15.
exf6 Qxf4 16. fxe7 Nf7 17. Qd2 Qf6 18. c4 Nxe7 19. Qe3 h5 20. g5 Qf5 21. Nfd4
Qxg5+ 22. Qxg5 Nxg5 23. f4 Ne4 24. Ne3 O-O 25. Bd3 Nd2 26. Rf2 Nxc4 27. Nxc4
dxc4 28. Bxc4 Rac8 29. Bb3 Kh7 30. Re1 Nf5 31. Nf3 Rc3 32. Rd1 Bc6 33. Ng5+ Kh6
34. Bxe6 Ne3 35. Re1 g6 36. Kh2 a6 37. Rg1 Nf5 38. Nf7+ Kh7 39. Bxf5 gxf5 40.
Ng5+ Kh6 41. Re2 Rf6 42. h4 Rc4 43. Re7 Rc2+ 44. Kh3 Rc3+ 45. Rg3 Rxg3+ 46.
Kxg3 Kg6 47. Kf2 Rd6 48. Re6+ Rxe6 49. Nxe6 Kf6 50. Nc5 Ke7 51. Ke3 Kd6 52. Kd4
Bf3 53. Nd3 Be2 54. Nc5 Bf3 55. a4 Bg2 56. Nb3 Bd5 57. Nc1 Bf3 58. Nd3 Be4 59.
Nb2 Bd5 60. Nd1 Bf3 61. Ne3 Be4 62. Nc4+ Kc6 63. Ne5+ Kd6 64. a5 Bd5 65. Nd3
Bc6 66. Nb2 Bd5 67. Nd1 Be4 68. Ne3 Bb1 69. Nf1 Kc6 70. Ng3 Kb5 71. Kc3 b6 72.
axb6 Kxb6 73. Nxh5 Kc6 74. Nf6 Kd6 75. Kd4 Ba2 76. Nh5 Ke6 77. Kc5 Bb1 78. Ng3
Bd3 79. Nh1 Kf6 80. Nf2 Be2 81. Kd6 Kg6 82. Ke5 Kh5 83. Kxf5 Kxh4 84. Ke5 Kh5
85. Kf6 Bc4 86. Ne4 Bd3 87. Nc5 Bc4 88. f5 1-0

[Event "VII Festival A"]
[Site "Amantea ITA"]
[Date "2009.09.01"]
[Round "2"]
[White "Naumkin, Igor"]
[Black "Schacher, Gerd"]
[Result "1/2-1/2"]
[WhiteElo "2481"]
[BlackElo "2318"]
[PlyCount "97"]
[EventDate "2009.08.31"]

1. d4 f5 2. Nf3 Nf6 3. g3 g6 4. Bg2 Bg7 5. O-O O-O 6. c4 d6 7. Nc3 Qe8 8. d5
Na6 9. Be3 c6 10. Bd4 e5 11. dxe6 Bxe6 12. b3 Nc5 13. Rc1 Qe7 14. Qc2 a5 15. e3
Rad8 16. Ne2 Rfe8 17. Nf4 Nfe4 18. Rfd1 Bf7 19. Bxg7 Kxg7 20. Nd4 Kg8 21. a3
Nd7 22. Re1 Nb6 23. f3 Nf6 24. Bf1 Nbd7 25. Qc3 Ne5 26. Be2 a4 27. b4 c5 28.
Nb5 g5 29. Ng2 g4 30. Nh4 gxf3 31. Nxf3 Ne4 32. Qc2 Bg6 33. Nc3 Nxc3 34. Qxc3
Ng4 35. Bd1 Qg7 36. Bxa4 Re7 37. Nh4 Qh6 38. bxc5 Rxe3 39. Qd4 Qg7 40. Qd5+ Kh8
41. cxd6 Qb2 42. Ng2 Nf6 43. Qc5 Rxe1+ 44. Rxe1 Ne4 45. Qe3 Rxd6 46. Nf4 Kg7
47. c5 Ra6 48. Bb3 Rxa3 49. Ne6+ 1/2-1/2

[Event "VII Festival A"]
[Site "Amantea ITA"]
[Date "2009.09.01"]
[Round "2"]
[White "Nikolova, Adriana"]
[Black "Collutiis, Duilio"]
[Result "1-0"]
[WhiteElo "2316"]
[BlackElo "2449"]
[PlyCount "87"]
[EventDate "2009.08.31"]

1. e4 e5 2. Nf3 Nc6 3. Bb5 Nf6 4. O-O Nxe4 5. d4 Nd6 6. Bxc6 dxc6 7. dxe5 Nf5
8. Qxd8+ Kxd8 9. Nc3 h6 10. h3 Ne7 11. Nd4 c5 12. Nde2 Bf5 13. Rd1+ Kc8 14. Be3
Nc6 15. g4 Be6 16. Bf4 b6 17. Bh2 h5 18. f3 hxg4 19. hxg4 Kb7 20. Kg2 Be7 21.
Nd5 Bxd5 22. Rxd5 Rad8 23. Rad1 Nb4 24. Rxd8 Rxd8 25. Rxd8 Bxd8 26. c3 Nxa2 27.
e6 fxe6 28. Nf4 Bg5 29. Nxe6 Bc1 30. Nxg7 Bxb2 31. g5 Bxc3 32. Nh5 b5 33. f4
Kc6 34. f5 Kd7 35. g6 b4 36. f6 b3 37. g7 b2 38. g8=Q b1=Q 39. Qf7+ Kc6 40.
Qxc7+ Kd5 41. Nf4+ Kc4 42. Qf7+ Kd4 43. Bg1+ Ke5 44. Qe6+ 1-0

[Event "VII Festival A"]
[Site "Amantea ITA"]
[Date "2009.09.01"]
[Round "2"]
[White "Rotelli, Pietro"]
[Black "Van Asseldonk, Paul"]
[Result "0-1"]
[WhiteElo "1974"]
[BlackElo "2107"]
[PlyCount "86"]
[EventDate "2009.08.31"]

1. d4 Nf6 2. c4 e6 3. a3 b6 4. Nc3 Bb7 5. Nf3 Be7 6. Bg5 d5 7. e3 Nbd7 8. Rc1
O-O 9. cxd5 exd5 10. Bd3 Re8 11. O-O a6 12. b4 c5 13. bxc5 bxc5 14. Rb1 Ra7 15.
Qa4 c4 16. Bf5 g6 17. Bh3 Kg7 18. Rb2 h6 19. Bxf6+ Nxf6 20. Rfb1 Qa8 21. Ne5
Rd8 22. Nd7 Bc6 23. Nb6 Bxa4 24. Nxa8 Bb3 25. Nb6 Bxa3 26. Rxb3 cxb3 27. Rxb3
Rb7 28. Nca4 Bd6 29. Nc5 Bxc5 30. dxc5 Rdb8 31. f3 Rc7 32. Ra3 Rxc5 33. Nd7
Rc1+ 34. Kf2 Rb2+ 35. Kg3 Nh5+ 36. Kh4 Rc4+ 37. f4 Rc6 38. Ne5 Rcb6 39. Rd3 Nf6
40. g4 g5+ 41. fxg5 hxg5+ 42. Kxg5 Ne4+ 43. Kh4 Rh6# 0-1

[Event "VII Festival A"]
[Site "Amantea ITA"]
[Date "2009.09.01"]
[Round "2"]
[White "Schrott, Ernst"]
[Black "Rotunno, Giuseppe"]
[Result "1/2-1/2"]
[WhiteElo "2059"]
[BlackElo "1973"]
[PlyCount "191"]
[EventDate "2009.08.31"]

1. e4 d6 2. d4 Nd7 3. Nc3 e5 4. Nge2 g6 5. Be3 Bg7 6. Qd2 c6 7. O-O-O b5 8.
dxe5 dxe5 9. h4 Ngf6 10. Ng3 b4 11. Na4 Qa5 12. b3 Ba6 13. Bxa6 Qxa6 14. Kb1
Qb5 15. h5 O-O-O 16. c4 Qb7 17. h6 Bf8 18. Bg5 Be7 19. Qe2 Rhe8 20. Rd3 Nh5 21.
Be3 Nf4 22. Bxf4 exf4 23. Nf1 Ne5 24. Rxd8+ Rxd8 25. Nd2 Qd7 26. Kc2 c5 27. Rh3
Nc6 28. Qd3 Qg4 29. Qf1 Nd4+ 30. Kc1 f3 31. gxf3 Qf4 32. Qe1 Bg5 33. Nxc5 Nxf3
34. Qe3 Nxd2 35. Qxf4 Bxf4 36. Nd3 g5 37. Nxf4 gxf4 38. Rh1 f3 39. Rg1 Rd4 40.
Rg7 Nxe4 41. Rxh7 Nxf2 42. Rxf7 Nd3+ 43. Kc2 Ne1+ 44. Kc1 f2 45. h7 Rd8 46. Kb1
Rh8 47. Rxf2 Rxh7 48. a3 Nd3 49. Rf1 Kb7 50. axb4 Nxb4 51. Rf5 a6 52. Kb2 Rh3
53. Rf7+ Kb6 54. Rf6+ Kc5 55. Rf8 Nd3+ 56. Kc2 Kb4 57. Rb8+ Ka3 58. Rb6 Nb4+
59. Kd2 Kxb3 60. c5 Rh2+ 61. Kd1 a5 62. c6 Rc2 63. Rb5 Rxc6 64. Rxa5 Rc2 65.
Rb5 Rf2 66. Rb8 Kc4 67. Rc8+ Kd4 68. Rd8+ Nd5 69. Kc1 Ke4 70. Re8+ Kf3 71. Rf8+
Nf4 72. Kd1 Ra2 73. Kc1 Ra7 74. Kd1 Re7 75. Kd2 Rd7+ 76. Kc3 Re7 77. Kd2 Re5
78. Kc2 Ke3 79. Kb3 Ne6 80. Rh8 Re4 81. Rh3+ Kd4 82. Rh8 Re3+ 83. Kb4 Nf4 84.
Rd8+ Nd5+ 85. Kb5 Re6 86. Rh8 Nc3+ 87. Kb4 Rb6+ 88. Ka5 Nd5 89. Ka4 Rb4+ 90.
Ka3 Rb5 91. Rh4+ Kc5 92. Rh5 Kd4 93. Rh4+ Kd3 94. Rh3+ Ne3 95. Ka4 Rc5 96. Kb4
1/2-1/2

[Event "VII Festival A"]
[Site "Amantea ITA"]
[Date "2009.09.01"]
[Round "2"]
[White "Serratore, Vincenzo"]
[Black "Marchadour, Emilie"]
[Result "1-0"]
[WhiteElo "1912"]
[BlackElo "2047"]
[PlyCount "99"]
[EventDate "2009.08.31"]

1. d4 Nf6 2. Nd2 d5 3. Ngf3 c5 4. e3 e6 5. c3 Nc6 6. Bd3 b6 7. Ne5 Nxe5 8. dxe5
Nd7 9. f4 Qh4+ 10. g3 Qh3 11. Qe2 Bb7 12. e4 Be7 13. Nf3 c4 14. Bc2 Nc5 15.
exd5 Bxd5 16. Bd2 Qh5 17. Rf1 f5 18. O-O-O O-O-O 19. Be3 Qe8 20. Nd4 Qd7 21.
Rd2 Qb7 22. g4 g6 23. gxf5 gxf5 24. Rg1 Qa6 25. Kb1 Nd3 26. b3 Nc5 27. b4 Na4
28. Bxa4 Qxa4 29. Qd1 Qxd1+ 30. Rgxd1 Rhg8 31. Kb2 Rg7 32. Nxf5 Rf7 33. Nxe7+
Rxe7 34. f5 Rg8 35. f6 Rf7 36. Rf1 Kd7 37. Rf4 Ke8 38. a4 Kf8 39. Rxc4 Rb7 40.
Rh4 Bc6 41. Rd6 Rg2+ 42. Kb3 Rc7 43. c4 Re2 44. Rh3 Be4 45. Rd8+ Kf7 46. Rg3
Bc2+ 47. Kc3 Bg6 48. c5 bxc5 49. Bxc5 Rxe5 50. Rf8# 1-0

[Event "VII Festival A"]
[Site "Amantea ITA"]
[Date "2009.09.01"]
[Round "2"]
[White "Valguarnera, Girolamo"]
[Black "Calzetta Ruiz, Monica"]
[Result "0-1"]
[WhiteElo "2151"]
[BlackElo "2344"]
[PlyCount "136"]
[EventDate "2009.08.31"]

1. e4 c5 2. Nf3 Nc6 3. d4 cxd4 4. Nxd4 g6 5. Nc3 Bg7 6. Be3 d6 7. Be2 Nf6 8.
O-O O-O 9. Nb3 b6 10. f4 Bb7 11. Bf3 Nd7 12. Qd2 b5 13. Rad1 Nb6 14. Qe2 Nc4
15. Bc1 Nb4 16. a3 Bxc3 17. bxc3 Na2 18. Rd3 Nxc1 19. Rxc1 Nxa3 20. h4 Qb6+ 21.
Kh2 a5 22. h5 a4 23. Nd2 Rac8 24. Qe1 Nc4 25. Nf1 Rc5 26. Qh4 Bxe4 27. Ng3 Bxd3
28. cxd3 Nd2 29. Bg4 b4 30. f5 bxc3 31. hxg6 hxg6 32. fxg6 fxg6 33. Be6+ Rf7
34. Qxe7 Rc7 35. Bxf7+ Kg7 36. Qd8 Kxf7 37. Rxc3 Nf3+ 38. Kh3 Ng5+ 39. Kh2 Nf3+
40. Kh3 Ng5+ 41. Kh2 Ne6 42. Rxc7+ Qxc7 43. Qa8 Qd7 44. Qd5 Qd8 45. Ne4 Qh8+
46. Kg1 Qd4+ 47. Qxd4 Nxd4 48. Nxd6+ Ke6 49. Nc4 Nc2 50. Kf2 a3 51. Nxa3 Nxa3
52. Ke3 Nb5 53. Kf4 Kf6 54. Ke4 Nd6+ 55. Kd5 Nf5 56. Ke4 Nh4 57. g3 Nf5 58. Kf4
Nd6 59. Kg4 Nf7 60. d4 Ke6 61. Kf4 Kd5 62. Ke3 Ng5 63. Kd3 Ne4 64. g4 g5 65.
Ke3 Nf6 66. Kd3 Nxg4 67. Kc3 Nh6 68. Kd3 Nf5 0-1

[Event "VII Festival A"]
[Site "Amantea ITA"]
[Date "2009.09.01"]
[Round "3"]
[White "Arnetta, Maria Teresa"]
[Black "Rotelli, Pietro"]
[Result "1-0"]
[WhiteElo "2031"]
[BlackElo "1974"]
[PlyCount "79"]
[EventDate "2009.08.31"]

1. e4 c6 2. d4 d5 3. Nd2 dxe4 4. Nxe4 Bf5 5. Ng3 Bg6 6. Nh3 e6 7. Nf4 Nf6 8. c3
Bd6 9. Ngh5 Nxh5 10. Nxh5 O-O 11. Nf4 Nd7 12. Nxg6 hxg6 13. Be3 Qc7 14. Qc2 Nf6
15. O-O-O Ng4 16. Kb1 Nxe3 17. fxe3 a5 18. h4 a4 19. h5 gxh5 20. g4 Ra5 21. Bd3
Rfa8 22. Qg2 Qb6 23. Ka1 a3 24. b3 Rg5 25. Rxh5 Rxh5 26. gxh5 Qa5 27. b4 Qd5
28. e4 Qxh5 29. Rh1 Qg6 30. Qxg6 fxg6 31. e5 Be7 32. Bc4 Bg5 33. Bxe6+ Kf8 34.
Rh8+ Ke7 35. Rxa8 Kxe6 36. Rxa3 Bd2 37. Kb2 g5 38. Kc2 Bf4 39. Kd3 g4 40. Ke2
1-0

[Event "VII Festival A"]
[Site "Amantea ITA"]
[Date "2009.09.01"]
[Round "3"]
[White "Astanovskaya, Yulia"]
[Black "Naumkin, Igor"]
[Result "0-1"]
[WhiteElo "1910"]
[BlackElo "2481"]
[PlyCount "86"]
[EventDate "2009.08.31"]

1. e4 e6 2. d4 d5 3. e5 c5 4. c3 Nc6 5. Nf3 Bd7 6. a3 f6 7. Bd3 fxe5 8. Nxe5
Nxe5 9. dxe5 Ne7 10. Bg5 Qc7 11. Qe2 O-O-O 12. O-O h6 13. Bxe7 Bxe7 14. b4 g5
15. Nd2 c4 16. Bc2 h5 17. Qe3 Kb8 18. Nf3 Rdg8 19. a4 g4 20. Nd4 Bg5 21. Qe2
Bf4 22. Nb5 Qxe5 23. Qxe5+ Bxe5 24. Rae1 Bf6 25. Nd4 e5 26. Nf5 Rg5 27. Nd6 Rf8
28. Rd1 Be6 29. Rfe1 a6 30. b5 Be7 31. bxa6 Bxd6 32. Rb1 Rg7 33. Rb6 Bc5 34.
Rxe6 Bxf2+ 35. Kf1 Bh4+ 36. Ke2 Bxe1 37. Kxe1 Rgf7 38. Bg6 Rf1+ 39. Ke2 R8f2+
40. Ke3 Rxg2 41. Rxe5 Re1+ 42. Kf4 Rf2+ 43. Kg3 Rf3+ 0-1

[Event "VII Festival A"]
[Site "Amantea ITA"]
[Date "2009.09.01"]
[Round "3"]
[White "Calzetta Ruiz, Monica"]
[Black "Delorme, Axel"]
[Result "1-0"]
[WhiteElo "2344"]
[BlackElo "2434"]
[PlyCount "130"]
[EventDate "2009.08.31"]

1. e4 e5 2. Nf3 Nc6 3. Bb5 Nf6 4. O-O Nxe4 5. d4 Nd6 6. dxe5 Nxb5 7. a4 Nbd4 8.
Nxd4 Nxd4 9. Qxd4 d5 10. exd6 Qxd6 11. Qe3+ Be6 12. Nc3 Be7 13. Nb5 Qd7 14. Qg3
O-O 15. Nxc7 Bd6 16. Bf4 Bxf4 17. Qxf4 Rac8 18. Nxe6 Qxe6 19. Rfe1 Qb6 20. Qc1
Rfe8 21. b3 Qb4 22. g3 Qc3 23. Rxe8+ Rxe8 24. Qd1 g6 25. Rc1 Rc8 26. Kg2 b6 27.
h4 Rc5 28. Qd6 Rf5 29. Qd3 Qc5 30. Qe2 Re5 31. Qd2 Rd5 32. Qe3 Qc6 33. Kg1 Rf5
34. c3 Rf3 35. Qd4 h5 36. Qe5 a5 37. Rd1 Rf6 38. Rd8+ Kg7 39. Qe8 Qxe8 40. Rxe8
Rd6 41. Re5 Rd3 42. Rb5 Rxc3 43. Rxb6 f6 44. Rb5 Kf7 45. Kf1 g5 46. hxg5 fxg5
47. Rxa5 Rxb3 48. Ra8 Ra3 49. a5 Kg7 50. a6 Ra2 51. a7 g4 52. Ke1 Kh7 53. Kd1
Kg7 54. Kc1 Ra6 55. Kc2 Ra5 56. Kc3 Ra1 57. Kd4 Ra4+ 58. Kd5 Ra5+ 59. Ke6 Ra6+
60. Kf5 Ra5+ 61. Kf4 Ra4+ 62. Kg5 Ra5+ 63. Kh4 Kh7 64. Rf8 Rxa7 65. Kxh5 Ra4
1-0

[Event "VII Festival A"]
[Site "Amantea ITA"]
[Date "2009.09.01"]
[Round "3"]
[White "Collutiis, Duilio"]
[Black "Abatino, Maurizio"]
[Result "1-0"]
[WhiteElo "2449"]
[BlackElo "2163"]
[PlyCount "93"]
[EventDate "2009.08.31"]

1. e4 e6 2. d3 d5 3. Nd2 c5 4. g3 Bd6 5. Qg4 Nf6 6. Qe2 Nc6 7. Ngf3 Qc7 8. Bg2
d4 9. O-O e5 10. Nh4 g6 11. Nc4 Be7 12. f4 Bg4 13. Nf3 Nd7 14. h3 Be6 15. f5
Bxc4 16. dxc4 O-O-O 17. Ne1 g5 18. a3 h5 19. Nd3 Kb8 20. Bd2 Nb6 21. b3 f6 22.
Rfb1 h4 23. g4 Kc8 24. Bf1 Rdf8 25. Qe1 Kd7 26. b4 Na4 27. bxc5 Bxc5 28. Kh1
Rb8 29. Nb4 Nb6 30. Nd5 Qd6 31. Rb5 Rhf8 32. a4 Na8 33. Rab1 b6 34. a5 Nc7 35.
R5b3 Nxd5 36. cxd5 Ne7 37. Qe2 Nc8 38. Bb4 Bxb4 39. Qb5+ Ke7 40. Rxb4 Qd7 41.
Qxd7+ Kxd7 42. Bb5+ Kd8 43. Bc6 Nd6 44. axb6 Rxb6 45. Rxb6 axb6 46. Ra1 Nxe4
47. Ra7 1-0

[Event "VII Festival A"]
[Site "Amantea ITA"]
[Date "2009.09.01"]
[Round "3"]
[White "Cordi', Domenico"]
[Black "Duhayon, Yves"]
[Result "1/2-1/2"]
[WhiteElo "2060"]
[BlackElo "2256"]
[PlyCount "145"]
[EventDate "2009.08.31"]

1. d4 d5 2. c4 e6 3. Nc3 Bb4 4. e3 Nf6 5. Nf3 O-O 6. Bd2 b6 7. cxd5 exd5 8. Bd3
Bb7 9. Rc1 a6 10. Ne5 Bd6 11. f4 c5 12. O-O Nc6 13. Ne2 Rc8 14. Kh1 Ne4 15.
Bxe4 dxe4 16. Bc3 Bxe5 17. dxe5 Qd3 18. Ng3 Rcd8 19. Qg4 Bc8 20. e6 g6 21. Nf5
f6 22. e7 Bxf5 23. exf8=Q+ Rxf8 24. Qg3 Qd7 25. Rfd1 Qe6 26. b3 a5 27. Qf2 Nb4
28. Bxb4 axb4 29. Qd2 Ra8 30. Rc2 Bg4 31. Qd5 Qxd5 32. Rxd5 Kf7 33. h3 Be6 34.
Rd6 Rb8 35. Kg1 Ke7 36. Rcd2 b5 37. Rc6 c4 38. Rc7+ Kf8 39. Rd6 cxb3 40. axb3
Bxb3 41. Rxf6+ Kg8 42. Kf2 Bc4 43. Ke1 Rd8 44. Rfc6 Rd3 45. Rb6 Rd8 46. Rxc4
bxc4 47. Rxb4 c3 48. Rc4 Rd3 49. Ke2 Rd2+ 50. Ke1 Rxg2 51. Rxc3 Rg3 52. Kf2
Rf3+ 53. Ke2 Rxh3 54. Rc4 Rh2+ 55. Kf1 Kg7 56. Rxe4 Kf6 57. Re5 h6 58. Ra5 g5
59. fxg5+ hxg5 60. e4 Rh4 61. e5+ Ke6 62. Kg2 Re4 63. Kg3 Rxe5 64. Rxe5+ Kxe5
65. Kg4 Kf6 66. Kg3 Kf5 67. Kf3 g4+ 68. Kg3 Kg5 69. Kg2 Kf4 70. Kf2 g3+ 71. Kg2
Kg4 72. Kg1 Kf3 73. Kf1 1/2-1/2

[Event "VII Festival A"]
[Site "Amantea ITA"]
[Date "2009.09.01"]
[Round "3"]
[White "Damia, Angelo"]
[Black "Serratore, Vincenzo"]
[Result "1-0"]
[WhiteElo "2291"]
[BlackElo "1912"]
[PlyCount "51"]
[EventDate "2009.08.31"]

1. e4 e5 2. Nf3 Nc6 3. d4 exd4 4. Nxd4 Ne5 5. Bd3 Bc5 6. Nf5 Qf6 7. Nc3 c6 8.
Ne3 d6 9. O-O h5 10. f4 Ng4 11. Qe1 a6 12. h3 N4h6 13. Kh1 Bd7 14. e5 dxe5 15.
Ne4 Qe7 16. fxe5 O-O-O 17. Nc4 Kb8 18. Bg5 f6 19. exf6 gxf6 20. Bf4+ Ka8 21.
Nxc5 Qxc5 22. Be3 Qe7 23. Nb6+ Kb8 24. Qg3+ Ka7 25. Nxd7+ b6 26. Qc7+ 1-0

[Event "VII Festival A"]
[Site "Amantea ITA"]
[Date "2009.09.01"]
[Round "3"]
[White "Doleschal, Johannes"]
[Black "Valguarnera, Girolamo"]
[Result "0-1"]
[WhiteElo "2014"]
[BlackElo "2151"]
[PlyCount "120"]
[EventDate "2009.08.31"]

1. d4 Nf6 2. c4 c5 3. d5 e6 4. Nc3 exd5 5. cxd5 d6 6. e4 g6 7. Nf3 Bg7 8. Be2
O-O 9. Bf4 Re8 10. Nd2 Na6 11. O-O Nc7 12. Re1 Rb8 13. a4 Na6 14. Bb5 Bg4 15.
f3 Bd7 16. Bxd6 Rc8 17. Bg3 Nh5 18. Nc4 Nxg3 19. hxg3 Bd4+ 20. Kf1 Nc7 21. Bxd7
Qxd7 22. Ne2 Bg7 23. Qd2 Rcd8 24. Nc3 h5 25. Rad1 Kh7 26. Qc2 a6 27. a5 Nb5 28.
Nxb5 axb5 29. Nb6 Qd6 30. f4 f6 31. Qf2 Re7 32. Rc1 Rc7 33. b3 Re8 34. Qf3 Bh6
35. Rc2 h4 36. gxh4 Bxf4 37. Rf2 Be5 38. h5 g5 39. Qf5+ Kg8 40. Rf3 Kh8 41. Rh3
c4 42. bxc4 bxc4 43. Rc1 c3 44. Qf2 Qa3 45. Qc2 Qxa5 46. d6 Qb5+ 47. Rd3 Rh7
48. Rb1 Qc6 49. d7 Rd8 50. Rh3 Bd4 51. Nd5 g4 52. Rd3 Be5 53. Nxc3 Rhxd7 54.
Rxd7 Rxd7 55. Qa4 Bxc3 56. Qxc6 bxc6 57. Rc1 Be5 58. Rxc6 Rd4 59. Ra6 Kh7 60.
Ra1 Rxe4 0-1

[Event "VII Festival A"]
[Site "Amantea ITA"]
[Date "2009.09.01"]
[Round "3"]
[White "Efimov, Igor"]
[Black "Mullon, Jean-Baptiste"]
[Result "1/2-1/2"]
[WhiteElo "2433"]
[BlackElo "2357"]
[PlyCount "63"]
[EventDate "2009.08.31"]

1. Nf3 d5 2. c4 c6 3. e3 Nf6 4. b3 e6 5. Bb2 Bd6 6. Be2 Nbd7 7. O-O O-O 8. d4
b6 9. Ne5 Bb7 10. Nd2 Rc8 11. Rc1 Qe7 12. Rc2 Rfd8 13. Qa1 Ba3 14. Nxd7 Nxd7
15. c5 Bxb2 16. Qxb2 e5 17. Bg4 exd4 18. Bxd7 Rxd7 19. Qxd4 Qd8 20. Rd1 Qc7 21.
h4 Re8 22. a4 Rde7 23. b4 Re6 24. Rdc1 Qd8 25. b5 bxc5 26. Rxc5 cxb5 27. axb5
h6 28. Rc7 Rb6 29. Nf3 Re7 30. Rxe7 Qxe7 31. Rc5 Qd6 32. g3 1/2-1/2

[Event "VII Festival A"]
[Site "Amantea ITA"]
[Date "2009.09.01"]
[Round "3"]
[White "Fabiano, Giuseppe"]
[Black "Gad, Ahmad"]
[Result "0-1"]
[WhiteElo "2245"]
[BlackElo "1956"]
[PlyCount "45"]
[EventDate "2009.08.31"]

1. d4 f5 2. g4 fxg4 3. e4 d5 4. Nc3 dxe4 5. Bg2 Nf6 6. Bg5 Bf5 7. Nge2 Nc6 8.
Qd2 e6 9. O-O-O Be7 10. Ng3 O-O 11. Be3 Bb4 12. Qe2 Bxc3 13. bxc3 Qd5 14. h3
Qxa2 15. Nxf5 exf5 16. hxg4 Nxg4 17. Bxe4 Nxe3 18. Bd3 Qa1+ 19. Kd2 Nxd1 20.
Bc4+ Rf7 21. Rxd1 Qa3 22. Rh1 Qd6 23. Kd1 0-1

[Event "VII Festival A"]
[Site "Amantea ITA"]
[Date "2009.09.01"]
[Round "3"]
[White "Furnari, Franco"]
[Black "Schrott, Ernst"]
[Result "0-1"]
[WhiteElo "1929"]
[BlackElo "2059"]
[PlyCount "42"]
[EventDate "2009.08.31"]

1. e4 c5 2. Nf3 e6 3. d4 cxd4 4. Nxd4 Nf6 5. Nc3 a6 6. Bd3 Qc7 7. Bd2 Nc6 8.
Nf3 b5 9. a3 Bb7 10. Qe2 Be7 11. h3 d6 12. O-O O-O 13. Bf4 Ne5 14. Rad1 Rac8
15. Rfe1 Nfd7 16. Nd4 Nb6 17. Bxb5 axb5 18. Ndxb5 Qb8 19. Bxe5 dxe5 20. b4 Ba6
21. Rb1 Rxc3 0-1

[Event "VII Festival A"]
[Site "Amantea ITA"]
[Date "2009.09.01"]
[Round "3"]
[White "Lalic, Bogdan"]
[Black "Nikolova, Adriana"]
[Result "1/2-1/2"]
[WhiteElo "2517"]
[BlackElo "2316"]
[PlyCount "33"]
[EventDate "2009.08.31"]

1. d4 Nf6 2. Nf3 d5 3. c4 c6 4. Nc3 dxc4 5. a4 Bf5 6. e3 e6 7. Bxc4 Bb4 8. O-O
Nbd7 9. Qe2 Ne4 10. Na2 Bd6 11. Bd3 Bg6 12. Qc2 Ng5 13. Nxg5 Bxd3 14. Qxd3 Qxg5
15. f4 Qh5 16. e4 O-O-O 17. Nc3 1/2-1/2

[Event "VII Festival A"]
[Site "Amantea ITA"]
[Date "2009.09.01"]
[Round "3"]
[White "Marchadour, Emilie"]
[Black "Garofalo, Massimo"]
[Result "1-0"]
[WhiteElo "2047"]
[BlackElo "1996"]
[PlyCount "133"]
[EventDate "2009.08.31"]

1. e4 c5 2. Nf3 e6 3. d4 cxd4 4. Nxd4 Nf6 5. Nc3 Bb4 6. Bd3 h6 7. O-O a6 8. Bd2
Nc6 9. Nxc6 dxc6 10. e5 Bxc3 11. bxc3 Nd7 12. Qg4 Kf8 13. c4 c5 14. f4 g6 15.
Be3 Kg7 16. h4 h5 17. Qg3 Qc7 18. Rad1 b6 19. Rd2 Bb7 20. Rfd1 Bc6 21. Qg5 Qd8
22. Qg3 Ra7 23. f5 exf5 24. Bxf5 Qe7 25. Bxd7 Rxd7 26. Rxd7 Bxd7 27. Bg5 Qe8
28. Bf6+ Kh7 29. Bxh8 Kxh8 30. Qd3 Be6 31. Qd8 Qxd8 32. Rxd8+ Kg7 33. Rb8 Bxc4
34. Rxb6 Bxa2 35. Rxa6 Be6 36. Kf2 g5 37. hxg5 Kg6 38. Ra5 c4 39. c3 Kxg5 40.
Kf3 h4 41. Ke4 Kg4 42. Ra8 Bf5+ 43. Kd4 Kg3 44. Rg8+ Kf4 45. Kxc4 Kxe5 46. Rh8
Be4 47. Rxh4 Bxg2 48. Kd3 f5 49. Ke3 Be4 50. c4 Bg2 51. Rd4 Bc6 52. c5 Be4 53.
Rd6 f4+ 54. Kf2 Ba8 55. Rd8 Bc6 56. Rd6 Ba8 57. Ke2 Be4 58. Rd8 Bc6 59. Kd3
Bb5+ 60. Kd2 Bc6 61. Kc3 f3 62. Kd3 Kf4 63. Rf8+ Kg3 64. Ke3 Kg2 65. Rf6 Bd7
66. Rxf3 Bc6 67. Rf6 1-0

[Event "VII Festival A"]
[Site "Amantea ITA"]
[Date "2009.09.01"]
[Round "3"]
[White "Oschetzki, Stefan"]
[Black "Del Noce, Roberto"]
[Result "1-0"]
[WhiteElo "2178"]
[BlackElo "1857"]
[PlyCount "51"]
[EventDate "2009.08.31"]

1. e4 c5 2. c3 e6 3. d4 d5 4. exd5 exd5 5. Bd3 Nf6 6. h3 Nbd7 7. Nf3 Bd6 8. O-O
O-O 9. Bg5 h6 10. Bh4 Re8 11. Nbd2 c4 12. Bf5 b5 13. Qc2 Nb6 14. Rfe1 Rxe1+ 15.
Rxe1 Bxf5 16. Qxf5 Qd7 17. Qb1 Nh5 18. Ne5 Qc7 19. Ndf3 Nf4 20. Qf5 Ne6 21.
Nxf7 Nxd4 22. Nxh6+ gxh6 23. Nxd4 Bf8 24. Re6 Bg7 25. Re7 Qc8 26. Qf7+ 1-0

[Event "VII Festival A"]
[Site "Amantea ITA"]
[Date "2009.09.01"]
[Round "3"]
[White "Rotunno, Giuseppe"]
[Black "De Rosa, Mariagrazia"]
[Result "1-0"]
[WhiteElo "1973"]
[BlackElo "2124"]
[PlyCount "121"]
[EventDate "2009.08.31"]

1. d4 d5 2. Nf3 Nf6 3. e3 Bf5 4. Bd3 Bg4 5. Nbd2 Nbd7 6. O-O e6 7. b3 Bd6 8.
Bb2 c6 9. c4 O-O 10. Qc2 Qb8 11. Qc3 b5 12. Qc2 Bh5 13. Rfe1 a5 14. Rac1 bxc4
15. bxc4 dxc4 16. Bxc4 Bb4 17. Bc3 Bxc3 18. Qxc3 Rc8 19. e4 c5 20. a4 Nb6 21.
Bb5 cxd4 22. Qxd4 Qb7 23. Ne5 Rd8 24. Qe3 Rac8 25. Nc6 Rd6 26. Nxa5 Qa8 27.
Ndc4 Nxc4 28. Nxc4 Rdd8 29. Nb6 Rxc1 30. Nxa8 Rxe1+ 31. Qxe1 Rd1 32. Qxd1 Bxd1
33. f3 Kf8 34. a5 Ne8 35. a6 Nd6 36. Nc7 Nc8 37. Bd7 Na7 38. Nb5 Ba4 39. Nxa7
Bxd7 40. Kf2 Ke7 41. Ke3 Kd6 42. Kd4 e5+ 43. Kc4 f5 44. Nb5+ Kc6 45. a7 Kb7 46.
Nd6+ Kxa7 47. Nxf5 g6 48. Ne7 Kb7 49. Kd5 Kc7 50. Kxe5 Bb5 51. g3 Be2 52. f4
Kd7 53. Kf6 Bd3 54. e5 Bc4 55. f5 gxf5 56. Nxf5 Bd5 57. g4 Be6 58. g5 Bd5 59.
Nd4 Ke8 60. e6 Be4 61. Nf5 1-0

[Event "VII Festival A"]
[Site "Amantea ITA"]
[Date "2009.09.01"]
[Round "3"]
[White "Santagati, Alessandro"]
[Black "Colucci, Pasquale"]
[Result "1/2-1/2"]
[WhiteElo "2147"]
[BlackElo "1946"]
[PlyCount "112"]
[EventDate "2009.08.31"]

1. d4 Nf6 2. c4 g6 3. Nc3 Bg7 4. Nf3 O-O 5. e4 d6 6. Be2 e5 7. O-O Nc6 8. d5
Ne7 9. Ne1 Nd7 10. Be3 f5 11. f3 f4 12. Bf2 g5 13. Nb5 a6 14. Na7 Rxa7 15. Bxa7
b6 16. b4 Bb7 17. c5 bxc5 18. Rc1 Nc8 19. bxc5 Nxc5 20. Rxc5 dxc5 21. Bxc5 Nd6
22. Qb3 Qa8 23. Nd3 Re8 24. Rb1 Bc8 25. Qa4 Rd8 26. Nb4 Bd7 27. Qxa6 Rb8 28.
Qxa8 Rxa8 29. Na6 Bf8 30. Rb8 Rxb8 31. Nxb8 Ba4 32. Kf1 Kf7 33. Ke1 Be7 34. Bd1
Be8 35. a4 Nb7 36. Bxe7 Kxe7 37. Kd2 Kd6 38. Kc3 Kc5 39. Na6+ Kb6 40. Nb4 Nc5
41. Nd3 Nxd3 42. Kxd3 Kc5 43. Kc3 Bd7 44. a5 Kb5 45. Ba4+ Kxa4 46. a6 Bc8 47.
a7 Bb7 48. Kc4 Ka5 49. Kc5 Ka6 50. d6 cxd6+ 51. Kxd6 Kxa7 52. Kxe5 Kb6 53. Kf5
h6 54. Kg6 Bxe4+ 55. Kxh6 g4 56. Kg5 gxf3 1/2-1/2

[Event "VII Festival A"]
[Site "Amantea ITA"]
[Date "2009.09.01"]
[Round "3"]
[White "Scerbo, Antonio"]
[Black "Hajenius, Willem"]
[Result "1-0"]
[WhiteElo "2086"]
[BlackElo "2025"]
[PlyCount "79"]
[EventDate "2009.08.31"]

1. d4 Nf6 2. c4 c5 3. d5 b5 4. cxb5 a6 5. Nc3 axb5 6. e4 b4 7. Nb5 d6 8. Bf4 g5
9. Bxg5 Nxe4 10. Bf4 Nf6 11. Qe2 Ra6 12. Rd1 Bg7 13. Nf3 O-O 14. a3 bxa3 15.
Nxa3 e6 16. dxe6 Bxe6 17. Qd2 Ne4 18. Qc2 Rxa3 19. bxa3 Bc3+ 20. Nd2 Bf5 21.
Bd3 Qh4 22. O-O Bxd2 23. Bxd2 Nc6 24. Bc3 d5 25. f3 Nxc3 26. Qxc3 Nd4 27. Rfe1
Qg5 28. Bxf5 Qxf5 29. Qxc5 Ne6 30. Qxd5 Qg6 31. Re4 h5 32. Re5 Nf4 33. Qd2 f6
34. Re7 Qg5 35. Qa2+ Kh8 36. Rdd7 Nh3+ 37. Kf1 Qc1+ 38. Re1 Qc6 39. Qd5 Qa6+
40. Qd3 1-0